Zufällige Länder der Erde - Sudden Death #2 - Statistiken

Allgemein
  • Dieses Quiz wurde 158 mal gespielt
  • Das Durchschnittsergebnis liegt bei 8 aus 15
Answers on the Grid
Answers color-coded by a green-red scale on the quiz's grid according to % correct below.
Venezeula
Venezuela
El Salvador
Elfenbeinküste
Sri Lanka
Turkmenistan
Vanuatu
Ukraine
Griechenland
Mauretanien
Mauritius
Bahrain
Namibia
Neuseeland
Kroatien
Argentinien
Vanautu
Ukarine
Maurtirus
El Salwador
Elfenbienküste
Namibai
Sir Lanka
Turkminestan
Neuseland
Greichenland
Mauretianen
Barain
Koratien
Argentinen
 
Antwortstatistiken
Antwort % Korrekt
Kroatien
63%
Griechenland
59%
Elfenbeinküste
56%
El Salvador
56%
Mauritius
56%
Argentinien
53%
Vanuatu
53%
Mauretanien
52%
Namibia
52%
Neuseeland
52%
Ukraine
52%
Sri Lanka
51%
Turkmenistan
51%
Venezuela
50%
Bahrain
44%
Keine übereinstimmenden Quizze gefunden
Verteilung der Resultate
Anzahl Personen mit jedem Resultat
Perzentil nach korrekt beantworteten Fragen
Ihre Resultats-Entwicklung
Sie haben dieses Quiz noch nicht gespielt